| 000 | 00576 a2200205 4500 | ||
|---|---|---|---|
| 001 | 48228 | ||
| 005 | 20260407155748.0 | ||
| 008 | 260407a1965 arg spa d | ||
| 003 | AR-UNSa-BCEJYS | ||
| 040 |
_aAR-UNSa-BCEJYS _bspa _cAR-UNSa-BCEJYS |
||
| 080 |
_a(038)33=111 _xDiccionario de economía en inglés |
||
| 245 | 1 | 0 |
_aDictionary of economic terns _pinglés |
| 250 | _a4a. ed. | ||
| 264 | 1 |
_aEngland : _bThe Butterworth Grup _c1965 |
|
| 300 |
_a249 p. _c22 cm. |
||
| 041 | _aspa | ||
| 942 | _cBK | ||
| 590 | _aniveau_biblio:m niveau_hierar:0 | ||
| 100 | 1 | _aGilpin, Alan | |
| 999 |
_c4568 _d4568 |
||